[Event "EU-chT Seniors 08th"]
[Site "Dresden"]
[Date "2006.02.17"]
[Round "1"]
[White "Kaminik, Aleksandar"]
[Black "Goldberg, Valerij"]
[Result "0-1"]
[WhiteElo "2239"]
[BlackElo "2054"]
[PlyCount "96"]
[EventDate "2006.02.17"]
[EventType "team-swiss"]
[EventRounds "8"]
[EventCountry "GER"]
[SourceTitle "CBM 111 Extra"]
[Source "ChessBase"]
[SourceDate "2006.05.09"]
[SourceVersion "1"]
[SourceVersionDate "2006.05.09"]
[SourceQuality "1"]
[WhiteTeam "Odessa WIS"]
[BlackTeam "Dresden Lokomotiv"]
[WhiteTeamCountry "ISR"]
[BlackTeamCountry "GER"]

1. d4 Nf6 2. c4 c5 3. d5 e6 4. Nc3 exd5 5. cxd5 d6 6. e4 g6 7. f4 Bg7 8. Bb5+ Nfd7 9. a4 0-0 10. Nf3 Na6 11. 0-0 Rb8 12. Re1 Re8 13. e5 Nc7 14. exd6 Nxb5 15. Nxb5 a6 16. Nc7 Rxe1+ 17. Qxe1 Bf8 18. Ng5 Nf6 19. Nce6 fxe6 20. dxe6 Qxd6 21. f5 gxf5 22. g3 Nd5 23. Qe2 Bg7 24. Qh5 Bd4+ 25. Kg2 Qe7 26. Bf4 Nxf4+ 27. gxf4 b5 28. Re1 Bb7+ 29. Kh3 Rf8 30. axb5 axb5 31. b4 Bc6 32. bxc5 Be8 33. Qd1 Bxc5 34. Qc2 Bd4 35. Qd3 Bg7 36. Qd5 b4 37. Rc1 Bc3 38. Rg1 Bg6 39. Nf7 Rxf7 40. exf7+ Qxf7 41. Qd8+ Kg7 42. Rd1 Bf6 43. Qd6 b3 44. Qb6 b2 45. Qb5 Kh6 46. Kg2 Qe6 47. Kf1 Qe4 48. Qb3 Qh1+ 0-1